000 00347nam a2200133Ia 4500
008 220530s9999 xx 000 0 und d
041 _aeng
082 _a510
_bDES
100 _aDeshmukh D T
_958980
245 _aA Text Book of Engineering Mathematics - II
260 _aNagpur
_bDeshmukh Minu
_c2013
300 _a968 P
_bPB
906 _a67.5
_bALIED
999 _c52934
_d52934